| 000 | 00937nam a22002297a 4500 | ||
|---|---|---|---|
| 001 | 8709 | ||
| 003 | FISKH | ||
| 005 | 20251013123521.0 | ||
| 008 | 251013b cb ||||| |||| 00| 0 eng d | ||
| 020 | _a9788131911631 | ||
| 040 |
_aFISKH _beng _cFISKH _dFISKH |
||
| 050 | _aPZ7 | ||
| 082 | _a613.2083 | ||
| 100 | _aPandit, Amitabh | ||
| 245 |
_aSuperfoods: _bIncredible Immunity for your child / _cAmitabh Pandit and Minnie Pandit |
||
| 260 |
_aNew Delhi : _bHealth & Harmony, _c2012. |
||
| 300 |
_a222 pages : _bcolor illustrations ; _c24 cm |
||
| 520 | _aThis book is a practical guide for parents who want to strengthen their children’s immunity and overall health through nutrition. It introduces the concept of superfoods — nutrient-dense foods that support growth, cognitive development, and disease prevention in children. | ||
| 650 |
_aChildNutrition\ _vImmunity Boost _xSuperfoods |
||
| 942 |
_2ddc _cBK _n0 |
||
| 999 |
_c8709 _d8709 |
||